| 000 | 00468nam a22001697a 4500 | ||
|---|---|---|---|
| 005 | 20251108164656.0 | ||
| 008 | 250721s1992 xx 000 0 ara d | ||
| 082 | 1 | 4 | _a811.9624/محم |
| 100 | 1 | _aالفيتوري، محمد | |
| 245 | 1 | 0 | _aشرق الشمس - غرب القمر / |
| 264 | 1 |
_aبيروت : _bدار الشروق، _c1992. |
|
| 300 | _a156ص | ||
| 650 | 1 | 7 | _aالشعر العربي |
| 650 | 1 | 7 | _aالسودان |
| 942 |
_2ddc _cBK |
||
| 999 |
_c11550 _d11550 |
||